Coraline /
Guardado en:
| Autor Principal: | |
|---|---|
| Otros Autores: | , |
| Formato: | Libro |
| Publicado: |
Buenos Aires :
Salamndra,
2015.
|
| Materias: | |
| Etiquetas: |
Agregar Etiqueta
Sin Etiquetas, Sea el primero en etiquetar este registro!
|
| LEADER | 00704nam a22002415a 4500 | ||
|---|---|---|---|
| 001 | CEM.cems019039 | ||
| 008 | 220311s2015##################000#0#####d | ||
| 005 | 20230426190341.0 | ||
| 245 | 1 | 0 | |a Coraline / |c Neil Gaiman ; ilustrado por Dave McKean. |
| 260 | |a Buenos Aires : |b Salamndra, |c 2015. | ||
| 300 | |a 155 p. | ||
| 020 | |a 978498382372 | ||
| 100 | 1 | |a Gaiman, Neil. | |
| 700 | 1 | |a McKean, Dave; il. | |
| 700 | 1 | |a Vàzquez Ramil, Raquel; trad. | |
| 082 | 0 | 4 | |a 823.9 |
| 653 | |a Literatura | ||
| 653 | |a Literatura inglesa | ||
| 653 | |a Literatura británica | ||
| 653 | |a Novelas | ||
| 653 | |a Novela inglesa | ||
| 653 | |a Literatura Juvenil | ||
| 859 | |a CEMS |b BIB. CEMS - 11 de abril |h 823.9 |i G127 |p 29214.22 |t Ej. 1 | ||
